Fahrenheit 451 (Запись № 10450945)
[ простой вид ]
| 000 -МАРКЕР | |
|---|---|
| контрольное поле | 01169nam0a2200313 4500 |
| 001 - ИДЕНТИФИКАТОР ЗАПИСИ | |
| контрольное поле | RU\NLR\BIBL_A\010578247 |
| 005 - ИДЕНТИФИКАТОР ВЕРСИИ | |
| контрольное поле | 20250614074131.0 |
| 010 ## - МЕЖДУНАРОДНЫЙ СТАНДАРТНЫЙ НОМЕР КНИГИ (ISBN) | |
| Номер (ISBN) | 978-5-9925-0475-0 |
| Тираж | 4000 |
| 021 ## - НОМЕР ГОСУДАРСТВЕННОЙ РЕГИСТРАЦИИ | |
| Код страны | российская федерация |
| Номер | 2014-82303 |
| Номер Листа государственной регистраци | 5005 |
| 035 ## - ДРУГИЕ СИСТЕМНЫЕ НОМЕРА | |
| Идентификатор записи | (NLR Aleph) 010578247 |
| 100 ## - ДАННЫЕ ОБЩЕЙ ОБРАБОТКИ | |
| Данные общей обработки | 20121024d2014 |||y0rusy50 ca |
| 101 0# - ЯЗЫК РЕСУРСА | |
| Язык текста, звукозаписи и т.д. | английский |
| 102 ## - СТРАНА ПУБЛИКАЦИИ ИЛИ ПРОИЗВОДСТВА | |
| Страна публикации | российская федерация |
| 105 ## - ПОЛЕ КОДИРОВАННЫХ ДАННЫХ: ТЕКСТОВЫЕ МАТЕРИАЛЫ, МОНОГРАФИЧЕСКИЕ | |
| Кодированные данные о монографическом текстовом документе | y z 000ay |
| 200 1# - ЗАГЛАВИЕ И СВЕДЕНИЯ ОБ ОТВЕТСТВЕННОСТИ | |
| Основное заглавие | Fahrenheit 451 |
| Сведения, относящиеся к заглавию | [книга для чтения на английском языке] |
| Первые сведения об ответственности | Ray Bradbury |
| Последующие сведения об ответственности | коммент. и слов. Е.Г. Тигонен |
| 210 ## - ПУБЛИКАЦИЯ, РАСПРОСТРАНЕНИЕ И ДР. | |
| Место издания, распространения и т.д. | Санкт-Петербург |
| Имя издателя, распространителя и т. д. | КАРО |
| Дата издания, распространения и т.д. | 2014 |
| 215 ## - ФИЗИЧЕСКАЯ ХАРАКТЕРИСТИКА | |
| Специфическое обозначение материала и объем | 220, [2] с. |
| Размеры | 16 |
| 225 1# - СЕРИЯ | |
| Основное заглавие серии | English |
| Наименование части | Modern prose |
| 300 ## - ОБЩИЕ ПРИМЕЧАНИЯ | |
| Текст примечания | В вып. дан.: 451 градус по Фаренгейту / Рэй Дуглас Бредбери |
| 333 ## - ПРИМЕЧАНИЯ ОБ ОСОБЕННОСТЯХ РАСПРОСТРАНЕНИЯ И ИСПОЛЬЗОВАНИЯ | |
| Текст примечания | 16+ |
| 517 1# - ДРУГИЕ ВАРИАНТЫ ЗАГЛАВИЯ | |
| Вариант заглавия | 451 градус по Фаренгейту |
| Язык заглавия | русский |
| 606 1# - НАИМЕНОВАНИЕ ТЕМЫ КАК ПРЕДМЕТ | |
| Наименование темы | Английский язык |
| Формальный подзаголовок | Книги для чтения |
| Системный номер авторитетной/нормативной записи | 972309 |
| Идентификатор авторитетной/нормативной записи | RU\NLR\AUTH\6646032 |
| 686 1# - ИНДЕКСЫ ДРУГИХ КЛАССИФИКАЦИЙ | |
| Индекс | Ш143.21-93рус91 |
| 700 #1 - ИМЯ ЛИЦА - ПЕРВИЧНАЯ ОТВЕТСТВЕННОСТЬ | |
| Начальный элемент ввода | Bradbury |
| Часть имени, кроме начального элемента ввода | R. |
| Даты | 1920-2012 |
| Расширение инициалов личного имени | Ray |
| 942 ## - ДОПОЛНИТЕЛЬНЫЕ ЭЛЕМЕНТЫ ЗАПИСИ (АБИС) | |
| Тип экземпляра АБИС | Книга |
| 980 ## - КОЛЛЕКЦИЯ | |
| Название коллекции | Национальная библиография |
| Тип экземпляра | Дата поступления | Источник поступления | Стоимость | Библиотека постоянного хранения | Библиотека текущего хранения | Место хранения | Шифр хранения | Штрих-код | Статус не для выдачи |
|---|---|---|---|---|---|---|---|---|---|
| Книга | 26.12.2014 | Обязательный экземпляр | 0.00 | РНБ (Московский) | РНБ (Московский) | Иностранный книжный фонд | Ик 2014-2/107 | 1-791766 | |
| Книга | 26.12.2014 | Обязательный экземпляр | 300.00 | РНБ (Садовая) | РНБ (Садовая) | Фонд международного книгообмена | 1-791767 |